Mexican states and capitals - Statistics

General Stats
  • This quiz has been taken 135 times
  • The average score is 47 of 64
Answer Stats
State % Correct
Mexico City
96%
Mexico CIty
96%
Baja California
94%
Mexico
94%
Chihuahua
91%
Chihuahua
91%
Sonora
90%
Yucatán
89%
Jalisco
85%
Baja California Sur
83%
Veracruz
83%
Aguascalientes
82%
Aguascalientes
82%
Oaxaca
82%
Oaxaca
82%
Puebla
82%
Puebla
82%
Quintana Roo
82%
Durango
80%
Durango
80%
Nuevo León
80%
Chiapas
79%
Guerrero
79%
Mérida
79%
Tabasco
79%
Guadalajara
78%
Zacatecas
78%
Zacatecas
78%
Coahuila
77%
Colima
77%
Colima
77%
Monterrey
77%
Guanajuato
76%
Guanajuato
76%
Michoacán
76%
Tamaulipas
76%
Campeche
73%
Nayarit
73%
Sinaloa
73%
Tlaxcala
73%
Tlaxcala
73%
Hermosillo
72%
Hidalgo
72%
Morelos
72%
Mexicali
71%
San Luis Potosí
71%
San Luis Potosí
71%
Querétaro
70%
Querétaro
70%
La Paz
67%
Saltillo
62%
Tepic
59%
Cuernavaca
56%
Morelia
56%
Toluca
54%
Ciudad Victoria
52%
Xalapa
51%
Chetumal
49%
Culiacán
49%
Tuxtla Gutiérrez
48%
Villahermosa
46%
Pachuca
45%
Chilpancingo
38%
San Francisco de Campeche
28%
No matching quizzes found
Score Distribution
Percent of People with Each Score
Percentile by Number Answered
Your Score History
You have not taken this quiz